000
00285nam a22001337a 4500
008
171201b xxu||||| |||| 00| 0 eng d
020
_a
276093003
041
_a
eng
080
_a
159.9
100
_a
49
101
_a
psi
245
_a
SERIES IN PSYCHOLOGY
_c
HILL, M
942
_2
udc
_c
BK
999
_c
38712
_d
38712